000 01061cam a2200217 4500
001 ABS64563
008 010917n2001 000 0 eng u
035 _a(Sirsi) u114612
100 _aRomney, C.
245 _aNot so common leasehold market
260 _c2001
490 _aEstates Gazette
_v(0136) 8 September 2001, 176-177(2)
520 _aDiscusses some of the major differences in leases in European countries, which institutional investors looking to invest in property overseas, and occupiers taking a lease of overseas premises, need to be aware of. Among the issues considered are: privity of contract, the term of leases, rent review, alienation by tenant, repair and decoration, and a landlord's right to terminate for tenant breach. Despite the differences sited, concludes that central European systems tend to reflect the UK/US style of lease to a greater extent.
590 _aABS
650 _aEUROPE
650 _aLEASES
650 _aUK INVESTORS
690 _aLANDLORD AND TENANT-LEASES
700 _aBadham, S.
942 _n0
999 _c68279
_d68279